| 000 -LEADER | |
|---|---|
| fixed length control field | 00283nam a22001217a 4500 |
| 005 - DATE AND TIME OF LATEST TRANSACTION | |
| control field | 20170915173605.0 |
| 008 - FIXED-LENGTH DATA ELEMENTS--GENERAL INFORMATION | |
| fixed length control field | 170915b xxu||||| |||| 00| 0 eng d |
| 022 ## - INTERNATIONAL STANDARD SERIAL NUMBER | |
| ISSN | 0253-7338 |
| 245 ## - TITLE STATEMENT | |
| Title | Acta Ciencia Indica |
| 260 ## - PUBLICATION, DISTRIBUTION, ETC. (IMPRINT) | |
| Place of publication | UP |
| Name of publisher | Pragati Publishers |
| Year of publication | 2017 |
| 300 ## - PHYSICAL DESCRIPTION | |
| Number of Pages | 104 |
| 942 ## - ADDED ENTRY ELEMENTS (KOHA) | |
| Koha item type | Journals/Serial |
| Lost status | Damaged status | Home library | Current library | Date acquired | Source of acquisition | Cost, normal purchase price | Accession Number | Koha item type | Shelving location |
|---|---|---|---|---|---|---|---|---|---|
| JRU Library | 15/09/2017 | Purchase | 500.00 | ACI0001 | Journals/Serial | ||||
| JRU Library | 27/11/2017 | Purchase | ACI0002 | Journals/Serial | |||||
| JRU Library | 27/02/2018 | Purchase | ACI0003 | Journals/Serial | Periodicals Section |